[Event "Tarragona Province-ch"]
[Site "Tarragona"]
[Date "2018.11.11"]
[Round "7.3"]
[White "Sanchez Bernardino, Miguel Angel"]
[Black "Sanchez Mayor, Jose"]
[Result "1/2-1/2"]
[WhiteElo "1970"]
[BlackElo "1825"]
[PlyCount "58"]
[EventDate "2018.09.30"]
[EventType "swiss"]
[EventRounds "9"]
[EventCountry "ESP"]
[SourceTitle "CBM 187 Extra"]
[Source "ChessBase"]
[SourceDate "2018.11.04"]
[SourceVersion "1"]
[SourceVersionDate "2018.11.04"]
[SourceQuality "1"]

1. e4 c5 2. Nf3 d6 3. d4 cxd4 4. Nxd4 Nf6 5. Nc3 a6 6. Be3 e5 7. Nb3 Be7 8. f3 Be6 9. Qd2 0-0 10. 0-0-0 a5 11. a4 Na6 12. g4 Nb4 13. Kb1 Rc8 14. g5 Ne8 15. h4 d5 16. exd5 Bf5 17. Na1 Nd6 18. Qf2 Nc4 19. Bh3 Bxh3 20. Rxh3 Qd7 21. Rh2 Nxe3 22. Qxe3 Bc5 23. Qe2 Bd4 24. Qb5 Qf5 25. Ne4 Qxf3 26. Re1 b6 27. h5 Be3 28. Rhe2 Qxe4 29. Rxe3 Qxd5 1/2-1/2

[Event "Tarragona-chA"]
[Site "Tarragona"]
[Date "2017.11.01"]
[Round "5"]
[White "Sanchez Bernardino, Miguel Angel"]
[Black "Sanchez Mayor, Jose"]
[Result "1-0"]
[WhiteElo "1954"]
[BlackElo "1841"]
[PlyCount "67"]
[EventDate "2017.10.08"]
[EventType "swiss"]
[EventRounds "9"]
[EventCountry "ESP"]
[SourceTitle "CBM 181 Extra"]
[Source "ChessBase"]
[SourceDate "2017.12.12"]
[SourceVersion "1"]
[SourceVersionDate "2017.12.12"]
[SourceQuality "1"]

1. e4 c5 2. Nf3 d6 3. d4 cxd4 4. Nxd4 Nf6 5. Nc3 a6 6. Be3 e5 7. Nb3 Be6 8. f3 Be7 9. Qd2 0-0 10. 0-0-0 a5 11. Bb5 Na6 12. g4 Nc7 13. g5 Nh5 14. a4 Qb8 15. Rhg1 Rc8 16. Kb1 Nxb5 17. Nxb5 d5 18. exd5 Bf5 19. Rc1 Bb4 20. Qf2 Rc4 21. Nd2 Bxd2 22. Bxd2 Nf4 23. b3 Rxc2 24. Rxc2 Nh3 25. Qg2 Nxg1 26. Qxg1 Qd8 27. Nc3 Rc8 28. Ne4 Rxc2 29. Kxc2 Qxd5 30. Qe3 Qc6+ 31. Kb2 b6 32. Qd3 f6 33. gxf6 gxf6 34. Qc4+ 1-0

[Event "Tarragona Province-ch"]
[Site "Tarragona"]
[Date "2015.11.08"]
[Round "6"]
[White "Gallimo Llao, Enric"]
[Black "Sanchez Bernardino, Miguel Angel"]
[Result "0-1"]
[WhiteElo "2055"]
[BlackElo "2150"]
[PlyCount "44"]
[EventDate "2015.09.27"]
[EventType "swiss"]
[EventRounds "9"]
[EventCountry "ESP"]
[SourceTitle "EXT 2017"]
[Source "ChessBase"]
[SourceDate "2016.10.25"]
[SourceVersion "1"]
[SourceVersionDate "2016.10.25"]
[SourceQuality "1"]

1. e4 e6 2. d4 d5 3. Nc3 Bb4 4. e5 c5 5. a3 Ba5 6. Qg4 Ne7 7. Bb5+ Bd7 8. Bd3 Nbc6 9. Nf3 cxd4 10. b4 Bc7 11. Qxg7 Rg8 12. Qxh7 dxc3 13. Bg5 Bb6 14. b5 Nd4 15. Bxe7 Nxf3+ 16. gxf3 Kxe7 17. Qh4+ Ke8 18. Qh7 Qg5 19. f4 Bxf2+ 20. Kxf2 Qxf4+ 21. Ke1 Qxe5+ 22. Kd1 Rh8 0-1

[Event "Tarragona Province-ch"]
[Site "Hospitalet de l'Infant"]
[Date "2013.12.01"]
[Round "9"]
[White "Fernandez Alonso, Miquel A"]
[Black "Sanchez Bernardino, Miguel Angel"]
[Result "0-1"]
[WhiteElo "2087"]
[BlackElo "2029"]
[PlyCount "58"]
[EventDate "2013.10.06"]
[EventType "swiss"]
[EventRounds "9"]
[EventCountry "ESP"]
[SourceTitle "EXT 2017"]
[Source "ChessBase"]
[SourceDate "2016.10.25"]
[SourceVersion "1"]
[SourceVersionDate "2016.10.25"]
[SourceQuality "1"]

1. d4 Nf6 2. c4 e5 3. dxe5 Ng4 4. e4 Nxe5 5. f4 Nec6 6. Be3 Bb4+ 7. Nd2 Qh4+ 8. g3 Qe7 9. Bg2 Na6 10. Ne2 Nc5 11. Qc2 f5 12. Nc3 Bxc3 13. Qxc3 Nxe4 14. Nxe4 fxe4 15. 0-0-0 d6 16. Rhe1 Bf5 17. Rd5 Qf7 18. Bd4 Nxd4 19. Rxd4 0-0 20. Bxe4 Bxe4 21. Rdxe4 Rfe8 22. Qe3 Kf8 23. Kd2 h6 24. b3 b6 25. Kd3 Rad8 26. Qd4 Rxe4 27. Rxe4 d5 28. Kd2 c5 29. Qd3 Rd7 0-1

[Event "Tarragona op 4th"]
[Site "Tarragona"]
[Date "2003.09.04"]
[Round "2"]
[White "Sanchez Bernardino, Miguel Angel"]
[Black "Janev, Evgeni"]
[Result "0-1"]
[WhiteElo "2047"]
[BlackElo "2440"]
[PlyCount "72"]
[EventDate "2003.09.??"]
[EventType "swiss"]
[EventRounds "7"]
[EventCountry "ESP"]
[SourceTitle "EXT 2005"]
[Source "ChessBase"]
[SourceDate "2004.11.15"]
[SourceVersion "1"]
[SourceVersionDate "2004.11.15"]
[SourceQuality "1"]

1. e4 Nf6 2. Nc3 e5 3. Nf3 d6 4. d4 Nbd7 5. Be3 Be7 6. h3 0-0 7. a4 c6 8. Bc4 b6 9. dxe5 dxe5 10. 0-0 Qc7 11. Qe2 Nc5 12. Bg5 Ne6 13. Rfd1 Nxg5 14. Nxg5 h6 15. Nf3 Nh5 16. Qf1 Bc5 17. Ne2 Qe7 18. c3 a5 19. Nd2 Kh8 20. Nb3 Bd6 21. g4 Nf6 22. Ng3 g6 23. Qd3 Bc7 24. Qe3 Kg7 25. Kg2 Nh7 26. Bd3 Ng5 27. Ne2 Rb8 28. f4 exf4 29. Nxf4 Qe5 30. Rf1 Ne6 31. Nxe6+ Bxe6 32. Nd4 Qh2+ 33. Kf3 c5 34. Ne2 Qxh3+ 35. Kf2 Qh4+ 36. Ng3 Qh2+ 0-1

[Event "Balaguer op"]
[Site "Balaguer"]
[Date "2003.07.23"]
[Round "9"]
[White "Sanchez Bernardino, Miguel Angel"]
[Black "Codina Garcia, Jose"]
[Result "0-1"]
[WhiteElo "2047"]
[BlackElo "2181"]
[PlyCount "94"]
[EventDate "2003.07.14"]
[EventType "swiss"]
[EventRounds "9"]
[EventCountry "ESP"]
[SourceTitle "CBM 095 Extra"]
[Source "ChessBase"]
[SourceDate "2003.09.04"]
[SourceVersion "1"]
[SourceVersionDate "2003.09.04"]
[SourceQuality "1"]

1. e4 e6 2. d4 d5 3. e5 c5 4. c3 Qb6 5. Nf3 Bd7 6. Be2 cxd4 7. cxd4 Bb5 8. 0-0 Bxe2 9. Qxe2 Nc6 10. Nc3 Nge7 11. Be3 Nc8 12. Rac1 Be7 13. a3 a5 14. Na4 Qa6 15. Rc2 Nb6 16. Qxa6 Rxa6 17. Nc5 Bxc5 18. Rxc5 a4 19. Nd2 Kd7 20. Rfc1 Rc8 21. Kf1 Na5 22. Rxc8 Nxc8 23. Rc3 Rb6 24. Rc5 Nb3 25. Nxb3 Rxb3 26. Bc1 b6 27. Rc2 Na7 28. Bd2 Nb5 29. Be3 Rd3 30. Ke2 Rxd4 31. Rc1 Rc4 32. Rxc4 dxc4 33. Bxb6 Kc6 34. Ba5 Kd5 35. Ke3 Kxe5 36. Bb4 Kf5 37. Bf8 g6 38. Bb4 e5 39. f3 Ke6 40. g3 f5 41. h4 Kd5 42. f4 e4 43. Bc3 Nd6 44. Bb4 c3 45. Bxc3 Nb5 46. Bf6 Kc4 47. g4 Nc7 0-1

[Event "Aragon-chT"]
[Site "Aragon"]
[Date "2003.03.01"]
[Round "6"]
[White "Cerrajeria Ruiz, Jesus Maria"]
[Black "Sanchez Bernardino, Miguel Angel"]
[Result "1-0"]
[WhiteElo "2191"]
[BlackElo "2115"]
[PlyCount "105"]
[EventDate "2003.02.??"]
[EventType "team"]
[EventRounds "9"]
[EventCountry "ESP"]
[SourceTitle "EXT 2004"]
[Source "ChessBase"]
[SourceDate "2003.11.25"]
[SourceVersion "1"]
[SourceVersionDate "2003.11.25"]
[SourceQuality "1"]

1. g3 g6 2. Bg2 Bg7 3. Nf3 Nf6 4. c4 0-0 5. 0-0 d6 6. Nc3 Nc6 7. d3 e5 8. Bd2 h6 9. Ne1 Nd7 10. Nc2 a5 11. a3 f5 12. b4 axb4 13. axb4 Rxa1 14. Qxa1 f4 15. b5 Ne7 16. Qa7 Nc5 17. Ne4 Ne6 18. Ra1 g5 19. Bc3 g4 20. Nd2 Ng5 21. gxf4 Rxf4 22. Ne4 Nh3+ 23. Bxh3 gxh3 24. Kh1 Qe8 25. f3 Qf7 26. Qf2 Kh7 27. Bd2 Rf5 28. Ra8 Bf6 29. b6 Bg5 30. Bxg5 hxg5 31. bxc7 Qg6 32. Ne3 Rf8 33. Qg3 Rg8 34. Nf2 Qh5 35. Neg4 Bxg4 36. fxg4 Rxa8 37. gxh5 Ra1+ 38. Qg1 Rxg1+ 39. Kxg1 Kh6 40. Ne4 Nc8 41. Ng3 g4 42. Kf2 Kg5 43. Ke3 Ne7 44. Ke4 Kf6 45. h6 Kg6 46. Nf5 Nc8 47. e3 Kh7 48. Kd5 Kg6 49. Ke6 b6 50. e4 b5 51. cxb5 g3 52. Nxg3 Kxh6 53. Kd7 1-0

[Event "Tarragona-ch"]
[Site "Tarragona"]
[Date "2003.??.??"]
[Round "4"]
[White "Pamies Martinez, Lluis"]
[Black "Sanchez Bernardino, Miguel Angel"]
[Result "1/2-1/2"]
[WhiteElo "2120"]
[BlackElo "2205"]
[PlyCount "38"]
[EventDate "2003.??.??"]
[EventType "swiss"]
[EventRounds "9"]
[EventCountry "ESP"]
[SourceTitle "EXT 2007"]
[Source "ChessBase"]
[SourceDate "2006.11.23"]
[SourceVersion "1"]
[SourceVersionDate "2006.11.23"]
[SourceQuality "1"]

1. c4 e5 2. Nc3 Nf6 3. g3 d5 4. cxd5 Nxd5 5. Bg2 Nb6 6. Nf3 Nc6 7. d3 Be7 8. b3 Be6 9. Qd2 f6 10. 0-0 Qd7 11. Bb2 Bh3 12. Bxh3 Qxh3 13. Rfc1 0-0-0 14. Qe1 g5 15. Ne4 h5 16. Qf1 Qf5 17. Qg2 Kb8 18. Nc5 Bxc5 19. Rxc5 Qe6 1/2-1/2

[Event "Tarragona-ch"]
[Site "Tarragona"]
[Date "2003.??.??"]
[Round "9"]
[White "Sanchez Bernardino, Miguel Angel"]
[Black "Garcia Espelta, Josep"]
[Result "1/2-1/2"]
[WhiteElo "2205"]
[BlackElo "1930"]
[PlyCount "91"]
[EventDate "2003.??.??"]
[EventType "swiss"]
[EventRounds "9"]
[EventCountry "ESP"]
[SourceTitle "EXT 2007"]
[Source "ChessBase"]
[SourceDate "2006.11.23"]
[SourceVersion "1"]
[SourceVersionDate "2006.11.23"]
[SourceQuality "1"]

1. e4 c5 2. Nf3 d6 3. d4 cxd4 4. Nxd4 Nf6 5. Nc3 e6 6. Be3 a6 7. a4 Nc6 8. Be2 Be7 9. 0-0 Qc7 10. Nb3 0-0 11. a5 Nb4 12. Bb6 Qb8 13. Ra4 d5 14. Nc5 Nd7 15. Rxb4 Nxb6 16. Nxa6 Rxa6 17. Rxb6 Rxb6 18. axb6 dxe4 19. Nxe4 Qe5 20. Nc3 Rd8 21. Bd3 Bd7 22. Qa1 Bd6 23. g3 Bc6 24. Re1 Qc5 25. Ne4 Qd5 26. f3 Bb4 27. Rf1 f5 28. Nc3 Qd4+ 29. Kg2 Bxc3 30. bxc3 Qxb6 31. Qa2 Qe3 32. Rf2 Kh8 33. Qa5 Rf8 34. Qb4 Rf6 35. Qe7 h6 36. Qd8+ Kh7 37. Qd4 Qg5 38. Qe5 Kg8 39. Bc4 Qg6 40. Re2 Bxf3+ 41. Kxf3 Qg4+ 42. Kf2 Qxc4 43. Qb8+ Kh7 44. Qxb7 Qxc3 45. Qb3 Qxb3 46. cxb3 1/2-1/2

[Event "Tarragona-ch"]
[Site "Tarragona"]
[Date "2003.??.??"]
[Round "3"]
[White "Sanchez Bernardino, Miguel Angel"]
[Black "Zurano Lopez, Pedro"]
[Result "0-1"]
[WhiteElo "2205"]
[BlackElo "2360"]
[PlyCount "60"]
[EventDate "2003.??.??"]
[EventType "swiss"]
[EventRounds "9"]
[EventCountry "ESP"]
[SourceTitle "EXT 2007"]
[Source "ChessBase"]
[SourceDate "2006.11.23"]
[SourceVersion "1"]
[SourceVersionDate "2006.11.23"]
[SourceQuality "1"]

1. e4 c6 2. d4 d5 3. e5 Bf5 4. h4 h5 5. c4 e6 6. Nc3 dxc4 7. Bxc4 Nd7 8. Nge2 Ne7 9. Ng3 Qa5 10. 0-0 0-0-0 11. Bg5 Nxe5 12. Nxf5 exf5 13. Bb3 f6 14. Be6+ Kb8 15. Be3 N7g6 16. Qc2 Ng4 17. g3 Bd6 18. Bxf5 Nxe3 19. fxe3 Ne7 20. Kg2 g5 21. hxg5 fxg5 22. Rf2 h4 23. Ne2 Nd5 24. Qd3 hxg3 25. Nxg3 Bxg3 26. Kxg3 Rdf8 27. e4 Nf4 28. Qc3 Rxf5 29. exf5 Qxf5 30. Rh2 Rh3+ 0-1

[Event "Sitges op 27th"]
[Site "Sitges"]
[Date "2001.??.??"]
[Round "2"]
[White "Sanchez Bernardino, Miguel Angel"]
[Black "Alonso, Salvador"]
[Result "0-1"]
[WhiteElo "2107"]
[BlackElo "2429"]
[PlyCount "64"]
[EventDate "2001.??.??"]
[EventType "swiss"]
[EventRounds "9"]
[EventCountry "ESP"]
[SourceTitle "EXT 2002"]
[Source "ChessBase"]
[SourceDate "2001.11.25"]
[SourceVersion "1"]
[SourceVersionDate "2001.11.25"]
[SourceQuality "1"]

1. e4 c5 2. Nf3 Nc6 3. d4 cxd4 4. Nxd4 Nf6 5. Nc3 d6 6. Be2 g6 7. Be3 Bg7 8. Qd2 0-0 9. 0-0-0 Nxd4 10. Bxd4 Be6 11. f3 Qa5 12. Kb1 Rfc8 13. Nd5 Qxd2 14. Nxf6+ Bxf6 15. Rxd2 Bxd4 16. Rxd4 Kg7 17. f4 Rc5 18. Rhd1 Rac8 19. c3 g5 20. g3 Kf6 21. a3 gxf4 22. Rf1 f3 23. Rxf3+ Kg7 24. Rf4 f6 25. Rb4 b6 26. Rb5 Bf7 27. Kc2 e5 28. Rf1 Bg6 29. Rb4 d5 30. Bd3 d4 31. c4 b5 32. Kb3 Bf7 0-1

[Event "Salou op 02nd"]
[Site "Salou"]
[Date "2000.12.15"]
[Round "4"]
[White "Janev, Evgeni"]
[Black "Sanchez Bernardino, Miguel Angel"]
[Result "1-0"]
[WhiteElo "2413"]
[BlackElo "2107"]
[PlyCount "55"]
[EventDate "2000.12.12"]
[EventType "swiss"]
[EventRounds "9"]
[EventCountry "ESP"]
[SourceTitle "EXT 2002"]
[Source "ChessBase"]
[SourceDate "2001.11.25"]
[SourceVersion "1"]
[SourceVersionDate "2001.11.25"]
[SourceQuality "1"]

1. e4 e6 2. d3 d5 3. Qe2 dxe4 4. dxe4 e5 5. Nf3 Nc6 6. c3 Nf6 7. Qc2 Bg4 8. Nbd2 Bc5 9. h3 Bxf3 10. Nxf3 a6 11. a4 0-0 12. Bc4 h6 13. 0-0 Qe7 14. b4 Bd6 15. Nh4 Rfd8 16. Qe2 a5 17. b5 Nb8 18. Nf5 Qf8 19. Rd1 Bc5 20. Rxd8 Qxd8 21. Qf3 Bf8 22. Qg3 Nxe4 23. Qg6 Kh8 24. Qxf7 Kh7 25. Nh4 Qxh4 26. Qf5+ Kh8 27. Qxf8+ Kh7 28. Bg8+ 1-0